Osnovy teorii grupp
Guardado en:
| Autores principales: | , |
|---|---|
| Formato: | Libro |
| Lenguaje: | ruso |
| Publicado: |
Moskva :
Nauka,
1977
|
| Edición: | 2.izd.pererab. |
| Etiquetas: |
Sin Etiquetas, Sea el primero en etiquetar este registro!
|
MARC
| LEADER | 00000nam a22000003a 4500 | ||
|---|---|---|---|
| 001 | stu217005 | ||
| 005 | 20150617230112.9 | ||
| 008 | 101118s1982----xxr-----------------rus-d | ||
| 040 | |a STU |b slo | ||
| 041 | 0 | |a rus | |
| 044 | |a xxr | ||
| 080 | |a 519.4 | ||
| 100 | 1 | |a Kargapolov, M.I. |4 aut | |
| 245 | 1 | |a Osnovy teorii grupp | |
| 250 | |a 2.izd.pererab. | ||
| 260 | |a Moskva : |b Nauka, |c 1977 | ||
| 300 | |a 238 s | ||
| 700 | 1 | |a Merzľakov, J.I. |4 aut | |
| 996 | |b E40423 |c E*40423 |l EE03 |s P |a 0 |w stu217005_0001 | ||